Riḥlatī ilá al-Yaman al-saʻīdah : 18 Māyū 1950 - 7 Nūfambir 1950 /

محفوظ في:

المؤلف الرئيسي: Rifāʿī, Aḥmad Farīd (مؤلف)

التنسيق: كتاب

اللغة: Arabic

منشور في: Miṣr : Maṭbaʻat Muḥammad ʻAli Ṣubayḥ, 1951.

الموضوعات:

الوسوم: إضافة وسم

لا توجد وسوم, كن أول من يضع وسما على هذه التسجيلة!

رقم الطلب: DS247 .Y42 R5 1951

LEADER 01087nam a2200229Ia 4500
003 OSt
005 20230427133442.0
008 130303s1951 ua g 000 0 ara d
952 |0 0  |1 0  |2 lcc  |4 0  |6 DS0247 Y42 R5 01951  |7 1  |9 47118  |a ARCE  |b ARCE  |d 2023-04-27  |l 0  |o DS247 .Y42 R5 1951  |p 1023371  |r 2023-04-27 00:00:00  |w 2023-04-27  |y BK 
999 |c 27277  |d 27277 
040 |c ARCE Library 
043 |a a-ye--- 
050 4 |a DS247 .Y42 R5 1951 
100 1 |6 880-01  |a Rifāʿī, Aḥmad Farīd,  |e author 
245 1 0 |6 880-02  |a Riḥlatī ilá al-Yaman al-saʻīdah :   |b 18 Māyū 1950 - 7 Nūfambir 1950 /   |c Aḥmad Farīd Rifāʻī. 
264 1 |a Miṣr :  |b Maṭbaʻat Muḥammad ʻAli Ṣubayḥ,  |c 1951. 
300 |a 153, 3 pages ;  |c 24 cm. 
651 0 |a Yemen (Arab Republic)  |x Description and travel. 
880 1 |6 100-01/(3/r  |a رفاعي، أحمد فريد 
880 1 0 |6 245-02/(3/r  |a رحلتي إلى اليمن العربية السعيدة :   |b 18 مايو 1950 - 7 نوفمبر 1950   |c أحمد فريد رفاعي.‪‪‪‪‪‪‪‪‪‪‪‪‪‪‪‪‪‪ 
901 |a reviewed 
942 |c BK  |2 lcc